000 00720nam a2200229 i 4500
001 bgj
100 1 _aSPRING, Joel
245 0 0 _aAmerican education :
_ban introduction to social and political aspects /
_cJoel Spring.
250 _a4th ed.
260 _aNew York ;
_aLondon :
_bLongman,
_ccop. 1989.
300 _aIX, 303, [1] pp ;
_c23 cm.
505 _aIncludes bibliographies and index.
650 9 _aEducation
_aUnited States
_xSocial aspects
650 9 _aEducation
_aUnited States
_xPolitical aspects
650 9 _aEducational equilization
_aUnited States
020 _a080130251X
040 _cBPK
041 0 _aeng
920 _a0-8013-0251-X
942 _cKS
008 s uk f |000 0 eng
999 _c47386
_d47386
856 _uhttp://koha.tu.koszalin.pl/cgi-bin/koha/opac-detail.pl?biblionumber=47386
_yKatalog online BPK